00889naa#a2200193#i#4500001002200000005001700022011001400039100004100053101000800094102000700102200019400109210016900303215001100472608004500483700004600528700005200574700005400626856001500680RU\INFRA-M\bibl\1117720260606151649.6##a2587-6279##a20160310b2016####ek#y0rusy0150####ca0#aRUS##aRU1#aСоциально-психологические детерминанты успеха проектов организационных измененийeЖурнальная статья1#aМоскваcОбщество с ограниченной ответственностью «Научно-издательский центр ИНФРА-М»d2016##a10 с.##aЖурнальная статья2local#1aВолковgОлег Сергеевич#1aТищенкоgОльга Эдуардовна#1aКамышеваgСофья Алексеевна4#anaukaru.ru